Rasail Ikhwan-us-safa. (Record no. 611)

MARC details
000 -LEADER
fixed length control field 00723nam a2200253 a 4500
020 ## - INTERNATIONAL STANDARD BOOK NUMBER
ISBN
082 00 - DEWEY DECIMAL CLASSIFICATION NUMBER
Classification number 297.42
Author Cutter ZAR
100 ## - MAIN ENTRY--AUTHOR NAME
Author name Zarkali, Khair Ud-Din
245 ## - TITLE STATEMENT
Title Rasail Ikhwan-us-safa.
260 ## - PUBLICATION, DISTRIBUTION, ETC. (IMPRINT)
Place of publication Egypt
Name of publisher Maktaba-E-ilmia
Year of publication 1928
300 ## - PHYSICAL DESCRIPTION
Number of Pages 362p
500 ## - GENERAL NOTE
General note includes index and biblioraphy
505 2# - FORMATTED CONTENTS NOTE
Formatted contents note Vocabulary
505 2# - FORMATTED CONTENTS NOTE
Formatted contents note Vocabulary00
650 ## - SUBJECT ADDED ENTRY--TOPICAL TERM
Topical Term Sufism-Ikhwan-Us-Safa
942 ## - ADDED ENTRY ELEMENTS (KOHA)
Koha item type Books
700 1# -
-- Zarkali, Khair Ud-Din
Holdings
Home library Current library Date acquired Cost, normal purchase price Full call number Accession Number Koha item type
Henry Martyn Institute Library Henry Martyn Institute Library   100.00 297.42 ZAR V1 00340 E-Books
Henry Martyn Institute Library Henry Martyn Institute Library   100.00 297.42 ZAR V2 00341 E-Books
Henry Martyn Institute Library Henry Martyn Institute Library   100.00 297.42 ZAR V3 00342 E-Books
Henry Martyn Institute Library Henry Martyn Institute Library   100.00 297.42 ZAR V4 00343 E-Books
                   Copyright © 2026 | Henry Martyn Institute | Hyderabad | TS-500052 | INDIA | Implemented by hmi.edu.in
Hit-Count:

Powered by Koha